MARC

Tag First Indicator Second Indicator Subfields
LEADER 00000cam a2200000 a 4500
001 in00001237016
005 20151003061116.0
008 950417s1995 caua b 000 0 eng d
020 |a 0833014625 
035 |a (OCoLC)32323155 
035 |9 AGS3521AM 
040 |a SCT  |c SCT  |d TOL  |d UIU  |d VPI  |d NYP  |d IQU  |d UtOrBLW 
043 |a n-us---  |a nces---  |a ncho--- 
049 |a TXAM 
088 |a MR-250-USDP 
090 |a U453.S2  |b C55 1995 
092 0 |a 355.03209728  |b C437e  |2 20 
100 1 |a Childress, Michael T. 
245 1 4 |a The effectiveness of U.S. training efforts in internal defense and development :  |b the cases of El Salvador and Honduras /  |c Michael Childress. 
264 1 |a Santa Monica, CA :  |b Rand,  |c 1995. 
300 |a xxii, 101 pages :  |b illustrations ;  |c 28 cm. 
336 |a text  |b txt  |2 rdacontent 
337 |a unmediated  |b n  |2 rdamedia 
338 |a volume  |b nc  |2 rdacarrier 
500 |a "Prepared for the Under Secretary of Defense for Policy." 
500 |a "National Defense Research Institute." 
504 |a Includes bibliographical references (pages 81-101). 
500 |a "MR-250-USDP"--P. [4] of cover. 
650 0 |a Military education  |z El Salvador. 
650 0 |a Military education  |z Honduras. 
650 0 |a Military education  |z United States. 
650 0 |a Military assistance, American  |z El Salvador. 
650 0 |a Military assistance, American  |z Honduras. 
650 0 |a Internal security  |z El Salvador. 
650 0 |a Internal security  |z Honduras. 
650 0 |a Military education  |z Central America  |x Bibliography. 
650 0 |a Military assistance, American  |z Central America  |x Bibliography. 
650 0 |a Internal security  |z Central America  |x Bibliography. 
710 1 |a United States.  |b Office of the Under Secretary of Defense for Policy. 
710 2 |a National Defense Research Institute (U.S.) 
710 2 |a Rand Corporation. 
999 |a MARS 
999 f f |s 03e7b589-9e45-3711-b264-ddf96adba888  |i 14bb7602-0020-3f68-a6e7-1f1e58f2ab74  |t 0 
952 f f |p ric  |a Texas A&M University  |b Rellis Campus  |c Joint Library Facility  |d Remote Storage  |t 0  |e U453.S2 C55 1995  |h Library of Congress classification  |i unmediated -- volume  |m A14819830809 
998 f f |a U453.S2 C55 1995  |t 0  |l Remote Storage